| 000 | 00338nam a2200133Ia 4500 | ||
|---|---|---|---|
| 008 | 191201s2010 xx 000 0 und d | ||
| 100 | _aSINGH,K.P | ||
| 245 | 0 | _aNational Conference on Problems of College Library | |
| 250 | _a1st | ||
| 260 |
_aN. Delhi _bVayu Edu. India _c2010 |
||
| 300 | _a412 | ||
| 650 | _aB.Tech(ME) | ||
| 942 |
_2ddc _cBK |
||
| 999 |
_c4375 _d4375 |
||